US Capitals - 1790 - Statistics

General Stats
  • This quiz has been taken 47 times
  • The average score is 11 of 18
Answers on the Map
Answers color-coded by a green-red scale on the quiz's map according to % correct below.
 
Answer Stats
State City % Correct
Massachusetts Boston
95%
New York New York
90%
Rhode Island Providence
88%
Connecticut Hartford
85%
Virginia Richmond
83%
Delaware Dover
80%
New Jersey Trenton
80%
Maryland Annapolis
78%
South Carolina Columbia
63%
Connecticut New Haven
63%
Georgia Augusta
60%
Pennsylvania Lancaster
50%
Rhode Island Newport
48%
North Carolina Fayetteville
38%
Rhode Island Bristol
23%
New Hampshire Exeter
18%
Rhode Island South Kingstown
18%
Rhode Island East Greenwich
15%
No matching quizzes found
Score Distribution
Percent of People with Each Score
Percentile by Number Answered
Your Score History
You have not taken this quiz